000
00272nam a22001217a 4500
008
170715b xxu||||| |||| 00| 0 eng d
041
_a
eng
080
_a
572
100
_a
24
101
_a
ANT
245
_a
ENVIRONMENT AND CULTURAL BEHAVIOR
_c
VAYDA,A.P
942
_2
udc
_c
BK
999
_c
21064
_d
21064